Sémiotika /

Uložené v:
Podrobná bibliografia
Hlavní autori: Černý, Jiří (Author), Holeš, Jan (Author)
Médium: Kniha
Jazyk:Czech
Vydané: Praha : Portál, c2004
Vydanie:Vyd. 1.
Témy:
ISBN: 8071788325 (viaz.)
Fyzický popis: 363 s. : il., tab. ; 24 cm
Tagy: Pridať tag
Žiadne tagy, Buďte prvý kto otaguje tento záznam!

MARC

LEADER 00000nam a2200000 a 4500
001 000000730
005 20040617072425.0
008 040617s2004 xr a e b 001 0 czeo
020 |a 8071788325 (viaz.) 
040 |a SVKKK  |b slo  |c SVKKK  |e AACR2 
041 0 |a cze 
044 |a xr  |c CZ 
072 7 |a 003  |x Systémy písania a písma  |2 konspekt 
080 |a 003  |2 1997 
080 |a 81`22  |2 1997 
080 |a (035)  |2 1997 
100 1 |a Černý, Jiří  |4 aut 
245 1 0 |a Sémiotika /  |c Jiří Černý, Jan Holeš 
250 |a Vyd. 1. 
260 |a Praha :  |b Portál,  |c c2004 
300 |a 363 s. :  |b il., tab. ;  |c 24 cm 
504 |a Bibliografia s. 341-346. Register 
650 0 7 |a semiotika  |2 SVKKKPH 
655 7 |a príručky  |2 SVKKKPH 
700 1 |a Holeš, Jan  |4 aut 
919 |a 80-7178-832-5 
998 |a BK 
090 |g SCKHL  |k Sklad Pribinova prízemie  |a IV.190338  |j 960159  |i 2720021700  |s Absenčne